000 00566nam a2200229Ia 4500
003 OSt
005 20220924144436.0
006 a|||||r|||| 00| 0
007 ta
008 220923b |||||||| |||| 00| 0 urd d
024 _a314434
037 _cTextual
040 _aARTS
_cARTS
_burd
041 _2urd
_aurd
082 _aO168,1N2211x, M5
100 _aSaba Afghani
_9217628
245 0 _aMata-e-Saba
260 _c1985
650 _aURDU POETRY
942 _hO168,1N2211x, M5
_cTEXL
_2CC
999 _c457061
_d457061